Statistics for Generator Puzzle #18

Click here to take the quiz!

General Stats

  • This quiz has been taken 343 times
  • The average score is 12 of 21

Answer Stats

Hint Answer % Correct
An uncle's wifeAunt
99%
Gretel's brotherHansel
93%
Common seasoningSalt
87%
Father of ApolloZeus
86%
Actor HawkeEthan
72%
What ghosts doHaunt
70%
No longer fresh (food)Stale
69%
Hawaiian danceHula
69%
Relax, lie aroundLaze
61%
Strike with a whipLash
61%
Citrus rind; enthusiasmZest
55%
DetectiveSleuth
50%
Renaissance guitarLute
50%
Head protection from solar raysSunhat
45%
2013 film, American _____Hustle
32%
Persistently rejectShun
32%
Muslim sovereignSultan
31%
9-Letter WordHAZELNUTS
28%
Fry quickly in hot fatSauté
27%
Excessive urgencyHaste
26%
Let loose anger or rageUnleash
18%

Score Distribution

Percentile by Number Answered

Percent of People with Each Score

Your Score History

You have not taken this quiz